[Event "Stuttgarter Stadtmeisterschaft"]
[Site "Gerlingen GER"]
[Date "2007.05.18"]
[Round "4"]
[White "Wittmann,Ral"]
[Black "Teske,H"]
[Result "0-1"]
[WhiteElo "2194"]
[BlackElo "2538"]

1.e4 c5 2.Nf3 Nc6 3.Bb5 e6 4.Bxc6 bxc6 5.d3 Ne7 6.h4 d6 7.e5 Nf5 8.Bf4 f6
9.exd6 e5 10.Bd2 Bxd6 11.Na3 O-O 12.Nc4 Be6 13.Ba5 Qd7 14.Nfd2 Rab8 15.b3 Be7
16.Ne4 Nd4 17.Bd2 f5 18.Ng5 Bxc4 19.bxc4 Rb2 20.Rc1 h6 21.c3 hxg5 22.cxd4 Qxd4
23.Be3 Qd8 24.hxg5 Bxg5 25.Rc2 Rxc2 26.Qxc2 f4 27.Bd2 f3 28.gxf3 Rxf3 29.Ke2 Qf6
30.Rh2 Bxd2 31.Qxd2 Qf5 32.Qc2 Qg4 33.Kf1 Qf4 34.Rg2 Rh3  0-1

[Event "Stuttgarter Stadtmeisterschaft"]
[Site "Gerlingen GER"]
[Date "2007.05.18"]
[Round "4"]
[White "Rausis,I"]
[Black "Krockenberger,M"]
[Result "1-0"]
[WhiteElo "2537"]
[BlackElo "2239"]

1.e4 c5 2.Nf3 Nc6 3.Bb5 Na5 4.c3 a6 5.Ba4 b5 6.Bc2 e6 7.d4 cxd4 8.cxd4 Nf6
9.O-O Bb7 10.Re1 Be7 11.Nbd2 O-O 12.b3 Nc6 13.a3 Qb6 14.Bb2 d5 15.e5 Nd7
16.Nf1 Rfc8 17.Ng3 Nf8 18.Qd2 b4 19.a4 a5 20.Nh5 Qd8 21.Re3 g6 22.Ng3 Ba6
23.Rd1 Ra7 24.Bb1 Nd7 25.Ree1 Rac7 26.Qf4 Bf8 27.h4 Bg7 28.h5 Qe7 29.Qg4 Nf8
30.Bc1 Nb8 31.Bg5 Qe8 32.Qf4 Rc3 33.Nh2 Nfd7 34.Re3 Rxe3 35.fxe3 Rc3 36.e4 Nb6
37.Ng4 N8d7 38.hxg6 fxg6 39.Nf6+ Bxf6 40.exf6 Rxb3 41.Re1 Bc4 42.Qd6 e5 43.Kh2 Qf8
44.Qe6+ Qf7 45.Qc6 h6 46.dxe5 hxg5 47.e6 Qh7+ 48.Kg1 Nxf6 49.Qxb6 Rxg3 50.Qb8+ Kg7
51.Qxg3 Qh4 52.Qxh4 gxh4 53.exd5 Bxd5 54.Re5 Bb3 55.Rxa5 g5 56.Rxg5+ Kf8
57.Rb5 Bxa4 58.Rxb4 Bc6 59.Rxh4 Ke7 60.Bf5 Bd5 61.Kf2 Bxe6 62.Bxe6 Kxe6 63.Kf3 Kf5
64.Rf4+ Kg5 65.Rxf6 Kxf6 66.Kf4  1-0

[Event "16th TCh-CRO"]
[Site "Sibenik CRO"]
[Date "2007.05.19"]
[Round "3"]
[White "Leventic,I"]
[Black "Brumen,D"]
[Result "1/2-1/2"]
[WhiteElo "2500"]
[BlackElo "2367"]

1.e4 c5 2.Nf3 Nc6 3.Bb5 d6 4.c3 e5 5.d4 Bd7 6.O-O Nf6 7.Re1 Be7 8.dxc5 dxc5
9.Nbd2 O-O 10.Qe2 Qc7 11.Nf1 a6 12.Bd3 Rad8 13.Ne3 Be6 14.Ng5 b5 15.a4 c4
16.Bc2 Nd4 17.cxd4 exd4 18.Nd5 Bxd5 19.exd5 Bb4 20.Rd1 Rfe8 21.Qf3 d3 22.Bxd3 cxd3
23.Bf4 Qc4 24.Rxd3 Rxd5 25.Rxd5 Nxd5 26.Bd6 Nf6 27.Bxb4 Qxb4 28.Qc3 Qxc3
29.bxc3 bxa4 30.Kf1 Re5 31.Nf3 Ra5 32.Nd4 g6 33.Ra3 Ne4 34.f3 Nd6 35.Nc6 Rc5
36.Nb4 Ra5 37.Nc6 Rc5 38.Nb4 a5 39.Nd3 Rd5 40.Nf4 Rc5 41.Rxa4 Rxc3 42.Rxa5 Nf5
43.Ra2 h5 44.Kf2 h4 45.Ne2 Rb3 46.Rd2 Kg7 47.Nd4 Nxd4 48.Rxd4 Rb2+ 49.Kg1 Rb1+  1/2-1/2

[Event "16th TCh-CRO"]
[Site "Sibenik CRO"]
[Date "2007.05.19"]
[Round "3"]
[White "Jovanovic,Zo CRO"]
[Black "Kuljasevic,D"]
[Result "0-1"]
[WhiteElo "2529"]
[BlackElo "2447"]

1.e4 c5 2.Nf3 Nc6 3.Bb5 e6 4.O-O Nge7 5.Re1 Ng6 6.c3 a6 7.Bxc6 bxc6 8.d4 Be7
9.b3 O-O 10.Ba3 cxd4 11.cxd4 f5 12.e5 a5 13.Bxe7 Qxe7 14.Nc3 c5 15.d5 Bb7
16.d6 Qe8 17.Re3 f4 18.Re1 Rf5 19.Nb5 Rd8 20.Rc1 Bxf3 21.Qxf3 Nxe5 22.Qe4 Qh5
23.f3 Qh4 24.Rf1 Rh5 25.h3 Qg5 26.Kh1 Ng6 27.Rf2 Nh4 28.Qe1 Nf5 29.Rd2 Rf8
30.Nc3 Ng3+ 31.Kh2 Rf5 32.Ne4 Nxe4 33.Qxe4 Re5 34.Qa8+ Kf7 35.Rcd1 Rxh3+
36.gxh3 Qg3+ 37.Kh1 Re1+ 38.Rxe1 Qxe1+ 39.Kg2 Qxd2+ 40.Kf1 Qd5 41.Qxa5 Qxf3+
42.Ke1 Qe3+ 43.Kd1 f3 44.Qd8 Qd3+ 45.Kc1 Qxd6 46.Qg5 Qd3 47.Qh5+ Kf6 48.Qxc5 Qf1+
49.Kb2 Qe2+ 50.Ka3 f2 51.Qd4+ Kf5 52.Qc5+ Kg6  0-1

[Event "Capo d'Orso"]
[Site "Porto Mannu PAL"]
[Date "2007.05.20"]
[Round "2"]
[White "Orlov,And"]
[Black "Rowson,J"]
[Result "1/2-1/2"]
[WhiteElo "2447"]
[BlackElo "2594"]

1.e4 c5 2.Nf3 Nc6 3.Bb5 e6 4.O-O Nge7 5.c3 a6 6.Ba4 b5 7.Bc2 d5 8.exd5 Nxd5
9.d4 cxd4 10.Nxd4 Nxd4 11.Qxd4 Bb7 12.a4 Qb6 13.Qxb6 Nxb6 14.axb5 axb5 15.Rxa8+ Bxa8
16.b4 Bc6 17.Na3 Nd5 18.Bd2 Bd6 19.Bd3 Nc7 20.c4 bxc4 21.Nxc4 Ke7 22.Nxd6 Kxd6
23.Rc1 Nd5 24.Bc4 Rb8 25.Bxd5 Bxd5 26.Rc5 f6 27.f3 g5 28.Kf2 h5 29.g3 g4
30.f4 e5 31.Ra5 Ke6 32.Ke3 Rd8 33.Rc5 Kf5 34.fxe5 fxe5 35.Bc3 Ke6 36.Ra5 Rc8
37.Kd2 Rf8 38.Ra6+ Kf5 39.Ke3 Rc8 40.Kd2 Ke4 41.Ra1 Kf5 42.Ra5 Ke4  1/2-1/2

[Event "16th TCh-CRO"]
[Site "Sibenik CRO"]
[Date "2007.05.20"]
[Round "4"]
[White "Jovanovic,Zo CRO"]
[Black "Brkic,A"]
[Result "1/2-1/2"]
[WhiteElo "2529"]
[BlackElo "2567"]

1.e4 c5 2.Nf3 Nc6 3.Bb5 d6 4.c3 Nf6 5.Qe2 Bd7 6.d4 cxd4 7.cxd4 a6 8.Bxc6 Bxc6
9.d5 Bb5 10.Qc2 Qc8 11.Qxc8+ Rxc8 12.Nc3 Rxc3 13.bxc3 Nxe4 14.Rb1 Nxc3 15.Rb3 Na4
16.Nd4 Nc5 17.Rc3 Bd7 18.Ba3 g6 19.Ke2 Bg7 20.Ke3 e5 21.Nb3 b6 22.Nxc5 bxc5
23.Rb1 Bb5 24.Bc1 O-O 25.a4 Bxa4 26.Rb6 Bb5 27.Rxd6 Rc8 28.Ba3 Bf8 29.Rb6 f5
30.f3 Kf7 31.Rb7+ Kf6 32.Rxh7 c4 33.Bxf8 Rxf8 34.Rc7 Rd8 35.R7xc4  1/2-1/2

[Event "16th TCh-CRO"]
[Site "Sibenik CRO"]
[Date "2007.05.20"]
[Round "4"]
[White "Margitic,Z"]
[Black "Mufic,Go"]
[Result "0-1"]
[WhiteElo "2170"]
[BlackElo "2298"]

1.e4 c5 2.Nf3 Nc6 3.Bb5 d6 4.Bxc6+ bxc6 5.c4 g6 6.O-O Bg7 7.d3 Rb8 8.Nbd2 Qc7
9.Rb1 e5 10.Re1 Ne7 11.Nf1 O-O 12.Ng3 f5 13.exf5 Nxf5 14.Ne4 Nd4 15.Nxd4 cxd4
16.b3 d5 17.Nd2 Qf7 18.Re2 Bf5 19.Nf3 Bg4 20.Ba3 Bxf3 21.gxf3 Rfe8 22.Rc2 e4
23.fxe4 dxe4 24.dxe4 Rxe4 25.f3 Re3 26.Bc5 Rxf3 27.Bxa7 Qxa7 28.Qxf3 d3+
29.Rf2 Rf8 30.Qxf8+ Bxf8 31.Kg2 Bh6 32.Rd1 Qd4 33.Re1 Be3 34.Rf3 Qg4+ 35.Rg3 d2
36.Rxe3 d1=Q 37.Rxg4 Qxg4+  0-1

[Event "3rd UKR Games Women"]
[Site "Evpatoria UKR"]
[Date "2007.05.21"]
[Round "1"]
[White "Moskalets,S"]
[Black "Khoroshavina,O"]
[Result "1-0"]
[WhiteElo "2188"]
[BlackElo "2040"]

1.e4 c5 2.Nf3 Nc6 3.Bb5 g6 4.Bxc6 dxc6 5.h3 e5 6.Nc3 f6 7.d3 Nh6 8.Be3 Nf7
9.a4 a5 10.Qe2 Be6 11.Nd2 Qc7 12.O-O-O O-O-O 13.g3 b6 14.f4 Bg7 15.Rdf1 Qd7
16.Qg2 Kb7 17.Ne2 Nd6 18.g4 c4 19.d4 exd4 20.Bxd4 c5 21.e5+ Ka6 22.exd6 cxd4
23.Nxd4 Qxd6 24.Nb5 Qc5 25.Qf2 Qxf2 26.Rxf2 Rd7 27.Re1 Bf7 28.g5 f5 29.Rfe2 Rhd8
30.Nf3 Bd5 31.Ne5 Bxe5 32.Rxe5 Bf3 33.c3 Rd1+ 34.Rxd1 Rxd1+ 35.Kc2 Ra1 36.Re7 Bd1+
37.Kd2 Bxa4 38.Nc7+ Kb7 39.Ne6+ Kc6 40.Nd4+ Kd6 41.Re6+ Kc7 42.Re7+ Kd6 43.Rb7 Kc5
44.Ne6+ Kc6 45.Rxh7 Rb1 46.Nd4+ Kd6 47.Rh6 Rxb2+ 48.Ke3 Be8 49.Nxf5+ Kc7
50.Rh7+ Kc6 51.Nd4+ Kd6 52.Rh8 Bd7 53.Rg8 a4 54.Rxg6+ Kc7 55.Rg8 Kb7 56.Rg7 Kc8
57.f5 a3 58.f6 a2 59.f7 a1=Q 60.f8=Q+ Kc7 61.Qf4+ Kb7 62.Rxd7+ Ka6 63.Ra7+ Kxa7
64.Qc7+ Ka8 65.Qc8+ Ka7 66.Nc6+  1-0

[Event "Nesis Rapid Cup"]
[Site "Kirishi RUS"]
[Date "2007.05.21"]
[Round "4"]
[White "Alekseev,Evgeny"]
[Black "Komarov,D"]
[Result "1-0"]
[WhiteElo "2679"]
[BlackElo "2539"]

1.e4 c5 2.Nf3 Nc6 3.Bb5 e6 4.Bxc6 bxc6 5.d3 Ne7 6.Qe2 f6 7.Nh4 g6 8.f4 Bg7
9.O-O O-O 10.c4 d6 11.Nc3 Rb8 12.Be3 f5 13.Nf3 Qa5 14.e5 d5 15.Bf2 h6 16.h4 Bd7
17.Qc2 d4 18.Na4 Rb4 19.b3 Rxa4 20.bxa4 Nc8 21.Rfb1 Nb6 22.Be1 Qxa4 23.Qxa4 Nxa4
24.Rb7 Bc8 25.Rxa7 Nb2 26.Ra3  1-0

[Event "Nesis Rapid Cup"]
[Site "Kirishi RUS"]
[Date "2007.05.21"]
[Round "5"]
[White "Janovsky,S"]
[Black "Alekseev,Evgeny"]
[Result "1-0"]
[WhiteElo "2496"]
[BlackElo "2679"]

1.e4 c5 2.Nf3 Nc6 3.Bb5 d6 4.O-O Bd7 5.Re1 a6 6.Bf1 Bg4 7.h3 Bxf3 8.Qxf3 g6
9.c3 Bg7 10.a4 e6 11.Na3 Nge7 12.Nc2 O-O 13.Qd1 d5 14.d3 Qd6 15.f4 e5 16.Qf3 dxe4
17.dxe4 f5 18.Be3 exf4 19.Rad1 Qc7 20.Bxc5 Ne5 21.Qf2 Rf6 22.Bxe7 Qxe7 23.Qxf4 Raf8
24.Nd4 fxe4 25.Qxe4 Kh8 26.Be2 h5 27.Kh1 Rf2 28.Nf3 Qf6 29.Rf1 Rxf1+ 30.Rxf1 Qf4
31.Qxb7 Nxf3 32.Qxf3 Qd2 33.Qd3 Rxf1+ 34.Bxf1 Qf4 35.Qf3 Qc1 36.Qe2 a5 37.g3 h4
38.gxh4 Qf4 39.h5 g5 40.Qe8+ Bf8 41.Be2 Kg7 42.Qg6+ Kh8 43.h6 Qe5 44.Bd3 Qe1+
45.Kg2 Qd2+ 46.Kf3 Qf4+ 47.Ke2 Qh2+ 48.Ke1 Qf4  1-0

[Event "50th TCh-SRB Cup"]
[Site "Mataruska Banja SRB"]
[Date "2007.05.21"]
[Round "1"]
[White "Asik,J"]
[Black "Vuckovic,Bo"]
[Result "1/2-1/2"]
[WhiteElo "2312"]
[BlackElo "2555"]

1.e4 c5 2.Nf3 Nc6 3.Bb5 d6 4.d4 cxd4 5.Qxd4 Bd7 6.Bxc6 Bxc6 7.O-O Nf6 8.Re1 e6
9.c4 Be7 10.Nc3 O-O 11.b3 a6 12.Bb2 b5 13.cxb5 axb5 14.b4 e5 15.Qd3 Qb6 16.Rac1 Rfd8
17.a3 Qb7 18.Nd2 d5 19.exd5 Nxd5 20.Nxd5 Bxd5 21.Bxe5 Bxg2 22.Qg3 Bf8 23.Qxg2 Qxg2+
24.Kxg2 Rxd2 25.Re3 f6 26.Bf4 Ra2 27.Rcc3 g5 28.Bc7 Kf7 29.Rcd3 Rc8 30.Rd7+ Kg6
31.Red3 h5 32.h3 Bh6 33.Bb6 g4 34.hxg4 hxg4 35.Kg3 Rc4 36.Bd4 Bc1  1/2-1/2

[Event "50th TCh-SRB Cup"]
[Site "Mataruska Banja SRB"]
[Date "2007.05.21"]
[Round "1"]
[White "Pikula,D"]
[Black "Vujicic,Mirk"]
[Result "1-0"]
[WhiteElo "2512"]
[BlackElo "2327"]

1.e4 c5 2.Nf3 Nc6 3.Bb5 g6 4.O-O Bg7 5.c3 Nf6 6.Re1 O-O 7.h3 d5 8.e5 Ne8
9.d4 cxd4 10.cxd4 Nc7 11.Bxc6 bxc6 12.Nc3 f5 13.Ne2 Ne6 14.Nf4 Qb6 15.b3 Nxf4
16.Bxf4 e6 17.Qc1 Rf7 18.Re3 Bf8 19.Rc3 Rc7 20.Bh6 Be7 21.Bg5 Bf8 22.Bd8 Bd7
23.Bxc7 Qxc7 24.a3 a5 25.h4 Rc8 26.Ra2 Qd8 27.Rac2 Be7 28.h5 Qf8 29.hxg6 hxg6
30.a4 Bb4 31.Qg5 Bxc3 32.Qxg6+ Qg7 33.Qxg7+ Kxg7 34.Rxc3 Rb8 35.Ne1 Rb4 36.Nc2 Rb8
37.f4 Be8 38.Kf2 Bh5 39.Ke1 Kf7 40.Kd2 Bg4 41.Na1 Rb4 42.Ke3 Bd1 43.Rd3 Bg4
44.Nc2 Rb8 45.Kd2 Ke7 46.Kc3 Kd7 47.Rd2 Rc8 48.Ne1 c5 49.Nd3 cxd4+ 50.Kxd4 Rb8
51.g3 Ke7 52.Kc3 Bh5 53.Rh2 Rg8  1-0

[Event "Capo d'Orso"]
[Site "Porto Mannu PAL"]
[Date "2007.05.21"]
[Round "3"]
[White "Ori,M"]
[Black "Figus,M"]
[Result "1-0"]
[WhiteElo "2129"]
[BlackElo "1919"]

1.e4 c5 2.Nf3 Nc6 3.Bb5 e6 4.O-O Nge7 5.Re1 a6 6.Bf1 Ng6 7.d4 cxd4 8.Nxd4 Qc7
9.Be3 Be7 10.c4 O-O 11.Nc3 b6 12.Rc1 Bb7 13.Nd5 Qd8 14.Nxc6 Bxc6 15.Bxb6 Qb8
16.Nxe7+ Nxe7 17.Bc5 Re8 18.b4 Qf4 19.f3 Bb7 20.Qxd7  1-0

[Event "ch-USA"]
[Site "Stillwater USA"]
[Date "2007.05.21"]
[Round "7"]
[White "Movsisyan,M"]
[Black "Aigner,M USA"]
[Result "0-1"]
[WhiteElo "2280"]
[BlackElo "2260"]

1.e4 c5 2.Nf3 Nc6 3.Bb5 g6 4.O-O Bg7 5.c3 Nf6 6.Re1 O-O 7.d4 d5 8.exd5 Qxd5
9.c4 Qd6 10.d5 Nd4 11.Nxd4 cxd4 12.Nd2 a6 13.Ba4 e5 14.Bc2 Re8 15.f3 b5 16.b3 d3
17.Bxd3 e4 18.Bxe4 Ng4 19.fxg4 Bxa1 20.Bf3 Bd4+ 21.Kh1 Rxe1+ 22.Qxe1 Bd7
23.Ne4 Re8 24.Qd1 Qe5 25.Bg5 Qg7 26.c5 Bxg4 27.Bxg4 Rxe4 28.Bf3 Re8 29.d6 Qe5
30.Bh4 g5 31.Bg3 Qxc5 32.h3 Be5 33.d7 Rd8 34.Bxe5 Qxe5 35.Qd3 f5 36.a4 Kf8
37.axb5 axb5 38.Bc6 b4 39.Qc4 Qd6 40.Qb5 Ke7 41.Qe2+ Qe6 42.Qb5 Qxb3 43.Qe5+ Qe6
44.Qg7+ Kd6 45.Qxg5 Kc7 46.Ba4 Qe1+ 47.Kh2 Qe5+ 48.g3 Qb2+ 49.Kg1 Qa1+ 50.Kg2 Qxa4
51.Qf4+ Kb7 52.Qxf5 Qc6+ 53.Kh2 Rxd7  0-1

[Event "3rd UKR Games Men"]
[Site "Evpatoria UKR"]
[Date "2007.05.22"]
[Round "2"]
[White "Maximov,D"]
[Black "Bodnar,N"]
[Result "1-0"]
[WhiteElo "2482"]
[BlackElo "2370"]

1.e4 c5 2.Nf3 Nc6 3.Bb5 d6 4.O-O Bd7 5.Re1 a6 6.Bxc6 Bxc6 7.d4 cxd4 8.Nxd4 Nf6
9.Nxc6 bxc6 10.c4 g6 11.Qa4 Qc7 12.c5 dxc5 13.Nc3 Nd7 14.e5 Bg7 15.e6 fxe6
16.Rxe6 O-O 17.Ne4 Nb6 18.Qc2 Bd4 19.Bh6 Rf5 20.g4 Rf7 21.Ng5 Rf6 22.Qe4 Qf4
23.Rxe7 Qxe4 24.Nxe4 Rf7 25.Re6 Nc4 26.g5 Ne5 27.Nf6+ Kh8 28.Rd1 Nf3+ 29.Kh1 Nh4
30.Rde1 Bxf6 31.Re8+ Rf8 32.Bxf8  1-0

[Event "3rd UKR Games Women"]
[Site "Evpatoria UKR"]
[Date "2007.05.22"]
[Round "3"]
[White "Khoroshavina,O"]
[Black "Stetsyuk,O"]
[Result "1-0"]
[WhiteElo "2040"]
[BlackElo "1869"]

1.e4 c5 2.Nf3 Nc6 3.Bb5 g6 4.O-O Bg7 5.Re1 d6 6.Bxc6+ bxc6 7.e5 d5 8.h3 e6
9.d3 h6 10.Nc3 Ne7 11.Na4 Qa5 12.b3 c4 13.dxc4 dxc4 14.Bd2 Qd5 15.Nc3 Qd8
16.Ne4 Ba6 17.Nc5 Qc8 18.Qc1 Nd5 19.Ne4 Kf8 20.Nd6 Qb8 21.Qa3 c5 22.Qxa6 c3
23.Be3 Nb4 24.Qe2  1-0

[Event "Nesis Rapid Cup"]
[Site "Kirishi RUS"]
[Date "2007.05.22"]
[Round "6"]
[White "Alekseev,Evgeny"]
[Black "Novik,M"]
[Result "1-0"]
[WhiteElo "2679"]
[BlackElo "2466"]

1.e4 c5 2.Nf3 Nc6 3.Bb5 g6 4.O-O Bg7 5.c3 Nf6 6.Re1 O-O 7.d4 cxd4 8.cxd4 d5
9.e5 Ne4 10.Bxc6 bxc6 11.Nbd2 c5 12.dxc5 Nxc5 13.Nb3 Nxb3 14.Qxb3 d4 15.Rd1 Be6
16.Qa3 Qb6 17.Qxe7 Bg4 18.Bf4 Bxf3 19.gxf3 Qxb2 20.Qc5 Rfd8 21.Bg5 Re8 22.f4 Qe2
23.Bh4 Qg4+ 24.Bg3 Rad8 25.Kg2 h5 26.h3 Qd7 27.Rab1 Bf8 28.Qb5 Qe6 29.Rb3 Rd7
30.Rc1 Red8 31.Rc6 Qd5+ 32.Qxd5 Rxd5 33.Rd3 Ra5 34.Bh4 Re8 35.Rxd4 Be7 36.Bxe7 Rxe7
37.Rd8+ Kg7 38.Rcc8 f5 39.Rg8+ Kh7 40.Kg3 Rxa2 41.Kh4 Rxf2 42.Kg5 Re6 43.Rh8+ Kg7
44.Rcg8+ Kf7 45.Kh6 Re7 46.Rxg6  1-0

[Event "ch-UZB"]
[Site "Tashkent UZB"]
[Date "2007.05.22"]
[Round "12"]
[White "Kayumov,S"]
[Black "Galyamov,V"]
[Result "0-1"]
[WhiteElo "2425"]
[BlackElo "2238"]

1.e4 c5 2.Nf3 Nc6 3.Bb5 e6 4.Bxc6 bxc6 5.d3 Ne7 6.Qe2 Ng6 7.h4 h5 8.e5 Be7
9.Qe4 d5 10.exd6 Qxd6 11.Bg5 Rb8 12.Bxe7 Nxe7 13.Nbd2 Qd5 14.b3 O-O 15.Qe5 Rb7
16.Ne4 Ng6 17.Qg5 e5 18.O-O Re7 19.Rfe1 Re6 20.c4 Qd8 21.Qxd8 Rxd8 22.Nxc5 Re7
23.g3 Bf5 24.Re3 f6 25.Rae1 Kf7 26.Nd2 Rd4 27.b4 Rd8 28.Ndb3 Bc8 29.Ne4 Rb7
30.Na5 Rc7 31.c5 Ne7 32.Nd6+ Kg6 33.d4 Nd5 34.dxe5 Nxe3 35.Rxe3 Be6 36.exf6 Kxf6
37.a3 g6 38.a4 Rb8 39.b5 cxb5 40.axb5 Bd5 41.c6 a6 42.Rd3 Ke6 43.Nab7 axb5
44.Re3+ Kf6 45.Nc5 Bxc6 46.Re6+ Kg7 47.Na6 Ra7 48.Nf5+ gxf5 49.Rxc6 Rbb7
50.Nc5 b4 51.Nxb7 Rxb7 52.Rc2 Kf6 53.Kf1 b3 54.Rb2 Ke5 55.Ke2 Ke4 56.Rb1 b2
57.f3+ Kd4 58.Kd2 Rb3 59.Kc2 Rxf3 60.Kxb2 Rxg3 61.Ra1 Ke4 62.Ra4+ Kf3 63.Kc2 f4
64.Kd2 Rg2+ 65.Kd3 Rg1 66.Rd4 Re1 67.Rd5 Kg4 68.Rg5+ Kxh4 69.Rg7 f3 70.Rf7 Kg3
71.Rg7+ Kh3 72.Rf7 Kg2 73.Rg7+ Kf1 74.Kd2 f2 75.Rh7 h4 76.Rh6 Re8 77.Kc2 h3
78.Rh7 h2 79.Rh6 Rf8 80.Kd2 h1=Q  0-1

[Event "3rd UKR Games Men"]
[Site "Evpatoria UKR"]
[Date "2007.05.23"]
[Round "4"]
[White "Sitnikov,A"]
[Black "Kononenko,Dmitry1"]
[Result "1/2-1/2"]
[WhiteElo "2458"]
[BlackElo "2501"]

1.e4 c5 2.Nf3 Nc6 3.Bb5 d6 4.Bxc6+ bxc6 5.O-O Bg4 6.e5 d5 7.d3 Qc7 8.Re1 e6
9.h3 Bxf3 10.Qxf3 Ne7 11.Nc3 Nf5 12.b3 h5 13.Na4 Be7 14.Be3 Nh4 15.Qg3 Nf5
16.Qf3 Qxe5 17.Bxc5 Qf6 18.Bxe7 Nxe7 19.Qe2 Ng6 20.Nc5 h4 21.Kh2 e5 22.c4 Qd6
23.b4 O-O 24.Kh1 f5 25.a3 Rae8 26.cxd5 cxd5 27.Qh5 Re7 28.Rac1 Qf6 29.Qf3 e4
30.dxe4 dxe4 31.Qe3 Kh7 32.Rcd1 Rfe8 33.Rd5 Ne5  1/2-1/2

[Event "3rd UKR Games Men"]
[Site "Evpatoria UKR"]
[Date "2007.05.23"]
[Round "5"]
[White "Maximov,D"]
[Black "Shalimov,V UKR"]
[Result "1-0"]
[WhiteElo "2482"]
[BlackElo "2381"]

1.e4 c5 2.Nf3 Nc6 3.Bb5 g6 4.Bxc6 bxc6 5.O-O Bg7 6.Re1 Nf6 7.e5 Nd5 8.c4 Nc7
9.d4 d5 10.dxc5 dxc4 11.Qa4 O-O 12.Qxc4 Be6 13.Qh4 Bd5 14.Nbd2 f5 15.exf6 exf6
16.Qh3 Na6 17.Nb3 Re8 18.Bf4 Nb4 19.Nfd4 a5 20.a3 Na6 21.Bd6 a4 22.Nd2 Qa5
23.Rxe8+ Rxe8 24.Qd7 Bf7 25.N2f3 Nxc5 26.Qxc6 Nd3 27.Bc7 Qd5 28.Qc2 Qc4 29.Qxc4 Bxc4
30.Rb1 Rc8 31.Ba5 Ba2 32.Ra1 Bd5 33.Bc3 Nc5 34.Rd1 Ne4 35.Bb4 Bh6 36.Ne2 Bb3
37.Rd4 f5 38.Nc3 Bg7 39.Rd3 h6 40.h3 Bf6 41.Re3 Ng5 42.Nd2 Bc2 43.Nd5 Nh7
44.Ne7+ Bxe7 45.Rxe7 Ng5 46.Bc3 Nf7 47.Nf3 Be4 48.Nd4 Bd5 49.h4  1-0

[Event "3rd UKR Games Men"]
[Site "Evpatoria UKR"]
[Date "2007.05.24"]
[Round "6"]
[White "Pilavov,G"]
[Black "Shishkin,Va UKR"]
[Result "1/2-1/2"]
[WhiteElo "2537"]
[BlackElo "2515"]

1.e4 c5 2.Nf3 Nc6 3.Bb5 g6 4.O-O Bg7 5.Re1 Nf6 6.e5 Nd5 7.Nc3 Nc7 8.Bxc6 dxc6
9.Ne4 Ne6 10.d3 b6 11.Be3 Qc7 12.Qd2 Bxe5 13.Nxe5 Qxe5 14.Ng5 Qf5 15.Nxe6 Bxe6
16.b4 cxb4 17.Qxb4 c5 18.Qb5+ Bd7 19.Qb2 f6 20.a4 O-O 21.a5 b5 22.a6 Rfc8
23.Ra5 Rc7 24.c4 bxc4 25.dxc4 Rac8 26.Qa3 Kf7 27.h3 h5 28.Rd1 Be6 29.Rc1 g5
30.Rb5 g4 31.h4 Qe4 32.Rxc5 Bd7 33.Rxc7 Rxc7 34.Kh2 Bc6 35.Rg1 Rd7 36.Qc1 Kg6
37.Qb1 Kf5  1/2-1/2

[Event "50th TCh-SRB Cup"]
[Site "Mataruska Banja SRB"]
[Date "2007.05.25"]
[Round "5"]
[White "Stankovic,De"]
[Black "Pavlovic,G1"]
[Result "1/2-1/2"]
[WhiteElo "2207"]
[BlackElo "2365"]

1.e4 c5 2.Nf3 Nc6 3.Bb5 d6 4.O-O Bd7 5.c3 a6 6.Bxc6 Bxc6 7.Re1 e6 8.d4 cxd4
9.cxd4 d5 10.e5 Ne7 11.Nbd2 Nf5 12.Nf1 Be7 13.Ne3 Nxe3 14.Rxe3 Rc8 15.h4 h5
16.Ng5 Bxg5 17.hxg5 Qxg5 18.Rg3 Qf5 19.Rxg7 Kd7 20.Bg5 Rcg8 21.Rxg8 Rxg8
22.f4 Rh8 23.Qd2 Kc8 24.Rc1 Qe4 25.Rxc6+ bxc6 26.Qc3 Kb7 27.Qb4+ Ka8 28.Qb6 Qe3+
29.Kh2 h4 30.Qxa6+ Kb8 31.Qb6+ Ka8 32.Qxc6+ Kb8 33.Qb6+  1/2-1/2

[Event "1st WCh-Team Women"]
[Site "Ekaterinburg RUS"]
[Date "2007.05.26"]
[Round "6"]
[White "Gvetadze,Sopi"]
[Black "Przezdziecka,M"]
[Result "1/2-1/2"]
[WhiteElo "2411"]
[BlackElo "2304"]

1.e4 c5 2.Nf3 Nc6 3.Bb5 d6 4.d4 cxd4 5.Qxd4 Bd7 6.Bxc6 Bxc6 7.Nc3 e5 8.Qd3 Be7
9.O-O Nf6 10.Bg5 O-O 11.Rfd1 Ne8 12.Bxe7 Qxe7 13.b4 b6 14.Nd2 Rc8 15.Nc4 f5
16.exf5 Qg5 17.Ne3 Nf6 18.Ncd5 Nxd5 19.Nxd5 Kh8 20.Ne3 d5 21.Nxd5 Bxd5 22.Qxd5 Qxf5
23.Rd2 Rxc2 24.Rf1 h6 25.a3 Rxd2 26.Qxd2 Rc8 27.Qd5 Rf8 28.h3 Qf4 29.Qd7 a5
30.bxa5 bxa5 31.Qa7 a4 32.Re1 Rc8 33.Qe3 Qxe3 34.Rxe3 Rc1+ 35.Kh2 Ra1 36.h4 Kg8
37.Kg3 Kf7 38.Kg4 Ra2 39.Kg3 Kf6 40.Kf3 Ke6 41.Rd3 h5 42.Ke3 Kf5 43.Rc3 Rb2
44.Rd3 Rc2 45.Rd2 Rc4 46.g3 Rc1 47.Rd5 Ra1 48.Rd3 Ra2 49.Rc3 Rb2 50.Rd3 Rc2
51.Rd5 Rc3+ 52.Rd3 Rc2 53.Rd5 Ra2 54.Rd3 g6 55.Rc3 Rb2 56.Rd3 Rb5 57.Kd2 Rb2+
58.Ke3 Ke6 59.Kf3 Kf5  1/2-1/2

[Event "XXII Felix Cup"]
[Site "Felix Spa ROM"]
[Date "2007.05.26"]
[Round "3"]
[White "Nemes,S"]
[Black "Murariu,A"]
[Result "0-1"]
[WhiteElo "2134"]
[BlackElo "2498"]

1.e4 c5 2.Nf3 Nc6 3.Bb5 d6 4.O-O Bd7 5.Re1 Nf6 6.c3 a6 7.Bxc6 Bxc6 8.d4 Bxe4
9.Bg5 Bd5 10.Nbd2 e6 11.c4 Bxf3 12.Qxf3 cxd4 13.Bxf6 gxf6 14.Qxb7 Bg7 15.Rxe6+ fxe6
16.Qxg7 Rf8 17.Qxh7 f5 18.Nb3 Qe7 19.Qh5+ Qf7 20.Qf3 Rc8 21.Nxd4 e5 22.Re1 Rxc4
23.Qa8+ Ke7 24.Nc6+ Kf6 25.Qxa6 Qd5 26.Na7 Ra8 27.Qb5 Qc5 28.Rd1 Rc1  0-1

[Event "Capo d'Orso"]
[Site "Porto Mannu PAL"]
[Date "2007.05.26"]
[Round "9"]
[White "Piscopo,P"]
[Black "Potyavin,I"]
[Result "1-0"]
[WhiteElo "2392"]
[BlackElo "2046"]

1.e4 c5 2.Nf3 Nc6 3.Bb5 g6 4.c3 Bg7 5.d4 Qb6 6.Ba4 cxd4 7.O-O dxc3 8.Nxc3 d6
9.Nd5 Qd8 10.Nd4 Bd7 11.Nb5 Rc8 12.Bg5 f6 13.Be3 Kf8 14.Nxa7 Nxa7 15.Bxa7 Bxa4
16.Qxa4 e6 17.Nf4 Kf7 18.Bb6 Qe7 19.Rac1 Nh6 20.h3 Rhe8 21.Rc2 Rxc2 22.Qxc2 Qd7
23.Rc1 Ng8 24.Qd3 Re7 25.Qb3 Qe8 26.Rc7 Rxc7 27.Bxc7 Qc8 28.Bxd6 Bf8 29.Qb6 Bxd6
30.Qxd6 Ne7 31.b3 e5 32.Nd5 Qc1+ 33.Kh2 Nxd5 34.Qxd5+ Kg7 35.Qxb7+ Kh6 36.g3 Qc2
37.Qa7 g5 38.Qb6 Kg6 39.a4 Qxe4 40.a5 h5 41.Qe3 Qa8 42.b4 h4 43.gxh4 gxh4
44.Qe2 Qb8 45.Qe4+ Kf7 46.a6 Ke6 47.Qc6+ Kf5 48.Qd7+ Kg6 49.a7 Qa8 50.b5  1-0

[Event "XXII Felix Cup"]
[Site "Felix Spa ROM"]
[Date "2007.05.27"]
[Round "4"]
[White "Vajda,Al1"]
[Black "Berczes,C"]
[Result "1-0"]
[WhiteElo "2459"]
[BlackElo "2411"]

1.e4 c5 2.Nf3 Nc6 3.Bb5 g6 4.O-O Bg7 5.c3 Nf6 6.Qa4 O-O 7.Re1 Ne8 8.h3 e5
9.d3 Nc7 10.Bc4 Rb8 11.Qc2 d6 12.a4 Kh8 13.Qe2 a6 14.Nbd2 b5 15.axb5 axb5
16.Bb3 f5 17.Nf1 fxe4 18.dxe4 c4 19.Bc2 Ne6 20.Rd1 Nf4 21.Bxf4 exf4 22.N1h2 Qc7
23.Qd2 b4 24.Ba4 bxc3 25.bxc3 Na5 26.Nd4 Nb3 27.Bxb3 cxb3 28.Nhf3 Qc4 29.Qb2 Be6
30.Nd2 Qc8 31.Ra7 Bg8 32.Rxg7 Kxg7 33.c4 Rf6 34.Nb5 Qc5 35.Nf3 Rf8 36.Nxd6 Kh6
37.e5 Re6 38.Qxb3 Rxe5 39.Nxe5 Qxe5 40.Qd3 Be6 41.Qd4 Qxd4 42.Rxd4 g5 43.Re4 Bd7
44.Re7 Ba4 45.c5 Kg6 46.Ra7 Bc6 47.Ra6 Bd7 48.c6 Be6 49.c7 Kf6 50.c8=Q Bxc8
51.Nxc8+ Ke5 52.Nd6 Kd5 53.Nb5 Rb8 54.Nc7+ Ke5 55.Rh6 Rb1+ 56.Kh2 Rb2 57.f3  1-0

[Event "XXII Felix Cup"]
[Site "Felix Spa ROM"]
[Date "2007.05.27"]
[Round "5"]
[White "Hegedus,Iu"]
[Black "Murariu,A"]
[Result "1/2-1/2"]
[WhiteElo "2320"]
[BlackElo "2498"]

1.e4 c5 2.Nf3 Nc6 3.Bb5 d6 4.d4 cxd4 5.Qxd4 Bd7 6.Bxc6 Bxc6 7.Nc3 Nf6 8.Bg5 e6
9.O-O-O Be7 10.Rhe1 O-O 11.Qd2 Qc7 12.Nd4 Rfd8 13.Kb1 b5 14.Nxc6 Qxc6 15.f3 a5
16.Ne2 b4 17.Nd4 Qb7 18.g4 a4 19.h4 b3 20.cxb3 axb3 21.a3 h6 22.Bxf6 Bxf6
23.Re3 Bxh4 24.Rxb3 Qa6 25.Qd3 Qa4 26.Qb5 d5 27.Qxa4 Rxa4 28.Nc6 Rd6 29.Nb4 d4
30.Rc1 Ra8 31.Rc6 Rd7 32.Nd3 g6 33.Rb5 Bg3  1/2-1/2

[Event "Memorial Day Classic"]
[Site "Los Angeles USA"]
[Date "2007.05.27"]
[Round "3"]
[White "Peters,Joh"]
[Black "Casella,M"]
[Result "1-0"]
[WhiteElo "2423"]
[BlackElo "2305"]

1.e4 c5 2.Nf3 Nc6 3.Bb5 g6 4.O-O Bg7 5.Re1 e5 6.Bxc6 dxc6 7.d3 Qe7 8.Nbd2 f6
9.a3 Nh6 10.b4 O-O 11.bxc5 Qxc5 12.a4 Rd8 13.Ba3 Qa5 14.Qb1 Nf7 15.Qb3 Qc7
16.a5 Bf8 17.Bxf8 Kxf8 18.Qc3 Bg4 19.h3 Bxf3 20.Nxf3 Rd7 21.Nd2 Kg7 22.Nb3 Re8
23.Nc5 Rde7 24.Rab1 b6 25.axb6 axb6 26.Na4 Rb8 27.Rb3 Nd6 28.Qb2 b5 29.Nc5 Qb6
30.Qc3 Nb7 31.Nxb7 Rbxb7 32.Ra1 Ra7 33.Rba3 Rxa3 34.Qxa3 b4 35.Qb3 Qd4 36.Ra8 Rf7
37.Qe6 Qd7 38.Qc4 Qd6 39.Rc8 Rc7 40.Qg8+ Kh6 41.Rxc7 Qxc7 42.Qf8+ Qg7 43.Qxb4  1-0

[Event "Okie A"]
[Site "Tulsa USA"]
[Date "2007.05.27"]
[Round "4"]
[White "Smith,Bry"]
[Black "Orton,W"]
[Result "1-0"]
[WhiteElo "2386"]
[BlackElo "2136"]

1.e4 c5 2.Nf3 Nc6 3.Bb5 g6 4.O-O Bg7 5.c3 Nf6 6.e5 Nd5 7.d4 cxd4 8.cxd4 O-O
9.Nc3 Nc7 10.Re1 Nxb5 11.Nxb5 a6 12.Nc3 d6 13.exd6 Qxd6 14.d5 Ne5 15.Bf4 Nxf3+
16.Qxf3 Qd8 17.Rad1 Re8 18.h3 Bd7 19.Bg5 h6 20.Bh4 g5 21.Bg3 Qb6 22.Rd2 Rad8
23.Be5 Bxe5 24.Rxe5 Qd6 25.Rde2 b5 26.Qg3 f6 27.Rxe7 Qxg3 28.fxg3 Rxe7 29.Rxe7 Kf8
30.Re4 Bf5 31.Rd4 Ke7 32.g4 Bg6 33.a4 bxa4 34.Rxa4 Rb8 35.Rxa6 Rxb2 36.Ra7+ Kd6
37.Rg7 Bd3 38.Rf7 Ke5 39.Re7+ Kd4 40.d6 Rb8 41.Rc7 Rd8 42.d7 Ke5 43.Na4 Kd6
44.Rc8 Kxd7 45.Nb6+ Ke8 46.Rxd8+ Kxd8 47.Nd5 f5 48.Nf6 fxg4 49.Nxg4 h5 50.Ne5 Bf5
51.Nf7+ Ke7 52.Nxg5 Kf6 53.Nf3 Bd7 54.Kf2  1-0